000 00675nam a2200253 4500
008 s2004 fr fre u
020 _a2725622018
020 _a9782725622019
040 _aLB-BrCRDP
082 1 _aCP. CE1
_bFRA. ex
100 1 _aCouté, Bernard
245 1 0 _aGrammaire Lecture - CP & CE1. Cahier d'exercices
_bUn conte, une grammaire
_cBernard Couté
250 _aNouv. éd.
260 _aParis
_bRetz
_c2004
300 _a80 p.
_c26 cm
500 _aSommaire.
650 4 _aLecture
650 4 _aLangage
650 4 _aGrammaire
650 4 _aEB9
650 4 _aEB1
942 _cBK
999 _c1447
_d1447